Seguridad industrial y protección ambiental para la pequeña y mediana empresa /

Contiene: Aportaciones de las ciencias sociales a los estudios del trabajo; Conceptos básicos de seguridad industrial y la protección de la salud; Técnicas de diagnóstico de la calidad laboral, desde el punto de vista de la protección de la salud; Conceptos básicos de ecología; Bases de desarrollo s...

詳細記述

保存先:
書誌詳細
第一著者: López Garachana, Hilario (autor)
フォーマット: 図書
言語:スペイン語
出版事項: México : Universidad Iberoamericana, Plantel Santa Fe, 1999, c1999
主題:
タグ: タグ追加
タグなし, このレコードへの初めてのタグを付けませんか!

MARC

LEADER 00000nam^a2200000^a^4500
001 000121000
005 20250521000000.0
009 20260310094412.93
020 |a 968-859-363-X 
037 |a Acervo ITESO - Biblioteca 
041 |a ESP 
082 |a 658. 022  |b PEQ V. 6 
100 |a López Garachana, Hilario  |e (autor) 
240 1 1 |a [Pequeña y Mediana Empresa UIA] 
245 1 0 |a Seguridad industrial y protección ambiental para la pequeña y mediana empresa /  |c H. López Garachana ; pról. de Federico Ortiz Alvarez. 
264 4 |a México :  |b Universidad Iberoamericana, Plantel Santa Fe,  |c 1999, c1999 
300 |a 64 p. 
336 |a texto  |b txt  |2 rdacontenido 
337 |a sin mediación  |b n  |2 rdamedio 
338 |a volumen  |b nc  |2 rdasoporte 
520 |a Contiene: Aportaciones de las ciencias sociales a los estudios del trabajo; Conceptos básicos de seguridad industrial y la protección de la salud; Técnicas de diagnóstico de la calidad laboral, desde el punto de vista de la protección de la salud; Conceptos básicos de ecología; Bases de desarrollo sustentable, Técnicas de diagnóstico de la calidad de operación, desde el punto de vista de la protección al ambiente. 
649 |a XX 
650 |a Pequeña Empresa 
650 |a Mediana Empresa 
650 |a Seguridad Industrial 
650 |a Recursos Humanos 
650 |a Desarrollo Sustentable 
650 |a Conservación y Protección Ambiental 
650 |a Ecología 
650 |a Ingeniería Industrial 
650 |a Ciencias Administrativas 
910 |a Fondo General 
920 |a Impresos - Libros 
930 |a Colección General 
905 |a 101 
901 |a 0500055235  |b IT1  |c ACC  |u 20250521 
902 |a https://opac.biblio.iteso.mx/vufind/Record/000121000